000 00609nam a2200193 a 4500
001 000012604
005 20240530073914.0
008 091113s1980 dr a 000 f spa d
040 _aDO-SdBNP
_bspa
_cBNPHU
082 _aRD863.44
_bM779m
100 1 _aMontes de Oca, René Omar
_929301
245 1 0 _aMás alla de la montaña /
_cRené Omar Montes de Ocoa.
260 _aSanto Domingo :
_bTaller,
_c1980.
300 _a94 p. :
_bil. ;
_c21 cm.
590 _aInventariado, 2019/MFF
650 0 _aNovela dominicana
_9223
650 0 _aLiteratura dominicana.
_967
910 _aValidado. Control de calidad MMOLINA
999 _c12259
_d12259